<?xml version="1.0" encoding="UTF-8"?>
<record
    xmlns:xsi="http://www.w3.org/2001/XMLSchema-instance"
    xsi:schemaLocation="http://www.loc.gov/MARC21/slim http://www.loc.gov/standards/marcxml/schema/MARC21slim.xsd"
    xmlns="http://www.loc.gov/MARC21/slim">

  <leader>01505nam2a2200229   4500</leader>
  <controlfield tag="001">rc\2888926</controlfield>
  <controlfield tag="005">20260315052837.0</controlfield>
  <datafield tag="035" ind1=" " ind2=" ">
    <subfield code="a">(NLR Aleph) 007041332</subfield>
  </datafield>
  <datafield tag="090" ind1=" " ind2=" ">
    <subfield code="a">13587461</subfield>
    <subfield code="c">13587461</subfield>
  </datafield>
  <datafield tag="100" ind1=" " ind2=" ">
    <subfield code="a">20110723d1931    u  y0rusy50      ca</subfield>
  </datafield>
  <datafield tag="101" ind1="0" ind2=" ">
    <subfield code="a">rus</subfield>
  </datafield>
  <datafield tag="102" ind1=" " ind2=" ">
    <subfield code="a">RU</subfield>
  </datafield>
  <datafield tag="105" ind1=" " ind2=" ">
    <subfield code="a">y   z   |||||</subfield>
  </datafield>
  <datafield tag="200" ind1="1" ind2=" ">
    <subfield code="a">&#x411;&#x435;&#x442;&#x43E;&#x43D;</subfield>
    <subfield code="e">&#x418;&#x441;&#x441;&#x43B;&#x435;&#x434;&#x43E;&#x432;&#x430;&#x442;&#x435;&#x43B;&#x44C;&#x441;&#x43A;&#x438;&#x435; &#x440;&#x430;&#x431;&#x43E;&#x442;&#x44B;, &#x43F;&#x440;&#x43E;&#x435;&#x43A;&#x442;&#x438;&#x440;&#x43E;&#x432;&#x430;&#x43D;&#x438;&#x435; &#x441;&#x43E;&#x441;&#x442;&#x430;&#x432;&#x43E;&#x432; &#x438; &#x43A;&#x43E;&#x43D;&#x442;&#x440;&#x43E;&#x43B;&#x44C; &#x43D;&#x430; &#x43F;&#x43E;&#x441;&#x442;&#x440;&#x43E;&#x439;&#x43A;&#x430;&#x445;</subfield>
  </datafield>
  <datafield tag="210" ind1=" " ind2=" ">
    <subfield code="d">1931</subfield>
  </datafield>
  <datafield tag="461" ind1=" " ind2="0">
    <subfield code="1">001rc\2888923</subfield>
    <subfield code="1">2001#$a&#x88;[&#x89;&#x418;&#x437;&#x434;&#x430;&#x43D;&#x438;&#x44F;]$e&#x412;&#x44B;&#x43F;. 2-&#x2116; 9$f&#x412;&#x421;&#x41D;&#x425;. &#x421;&#x43E;&#x44E;&#x437;&#x441;&#x442;&#x440;&#x43E;&#x439; &#x421;&#x421;&#x421;&#x420;. &#x413;&#x43E;&#x441;. &#x43D;&#x430;&#x443;&#x447;.-&#x44D;&#x43A;&#x441;&#x43F;&#x435;&#x440;&#x438;&#x43C;&#x435;&#x43D;&#x442;&#x430;&#x43B;&#x44C;&#x43D;&#x44B;&#x439; &#x438;&#x43D;-&#x442; &#x433;&#x440;&#x430;&#x436;&#x434;., &#x43F;&#x440;&#x43E;&#x43C;. &#x438; &#x438;&#x43D;&#x436;. &#x441;&#x43E;&#x43E;&#x440;&#x443;&#x436;&#x435;&#x43D;&#x438;&#x439;. &#x421;&#x435;&#x43A;&#x442;&#x43E;&#x440; &#x431;&#x435;&#x442;&#x43E;&#x43D;&#x43D;&#x44B;&#x445; &#x438; &#x436;&#x435;&#x43B;.-&#x431;&#x435;&#x442;&#x43E;&#x43D;&#x43D;&#x44B;&#x445; &#x441;&#x43E;&#x43E;&#x440;&#x443;&#x436;&#x435;&#x43D;&#x438;&#x439;. &#x41D;&#x430;&#x443;&#x447;.-&#x438;&#x441;&#x441;&#x43B;&#x435;&#x434;. &#x438;&#x43D;-&#x442; &#x431;&#x435;&#x442;&#x43E;&#x43D;&#x43E;&#x432;$v&#x412;&#x44B;&#x43F;. &#x2116; 4</subfield>
    <subfield code="9">6100445</subfield>
    <subfield code="a">&#x41D;&#x430;&#x443;&#x447;&#x43D;&#x43E;-&#x438;&#x441;&#x441;&#x43B;&#x435;&#x434;&#x43E;&#x432;&#x430;&#x442;&#x435;&#x43B;&#x44C;&#x441;&#x43A;&#x438;&#x439; &#x438;&#x43D;&#x441;&#x442;&#x438;&#x442;&#x443;&#x442; &#x431;&#x435;&#x442;&#x43E;&#x43D;&#x43E;&#x432; (&#x41B;&#x435;&#x43D;&#x438;&#x43D;&#x433;&#x440;&#x430;&#x434;)</subfield>
    <subfield code="c">&#x41B;&#x435;&#x43D;&#x438;&#x43D;&#x433;&#x440;&#x430;&#x434;</subfield>
    <subfield code="d">1931</subfield>
    <subfield code="f">&#x412;&#x421;&#x41D;&#x425;. &#x421;&#x43E;&#x44E;&#x437;&#x441;&#x442;&#x440;&#x43E;&#x439; &#x421;&#x421;&#x421;&#x420;. &#x413;&#x43E;&#x441;. &#x43D;&#x430;&#x443;&#x447;.-&#x44D;&#x43A;&#x441;&#x43F;&#x435;&#x440;&#x438;&#x43C;&#x435;&#x43D;&#x442;&#x430;&#x43B;&#x44C;&#x43D;&#x44B;&#x439; &#x438;&#x43D;-&#x442; &#x433;&#x440;&#x430;&#x436;&#x434;., &#x43F;&#x440;&#x43E;&#x43C;. &#x438; &#x438;&#x43D;&#x436;. &#x441;&#x43E;&#x43E;&#x440;&#x443;&#x436;&#x435;&#x43D;&#x438;&#x439;. &#x421;&#x435;&#x43A;&#x442;&#x43E;&#x440; &#x431;&#x435;&#x442;&#x43E;&#x43D;&#x43D;&#x44B;&#x445; &#x438; &#x436;&#x435;&#x43B;.-&#x431;&#x435;&#x442;&#x43E;&#x43D;&#x43D;&#x44B;&#x445; &#x441;&#x43E;&#x43E;&#x440;&#x443;&#x436;&#x435;&#x43D;&#x438;&#x439;. &#x41D;&#x430;&#x443;&#x447;.-&#x438;&#x441;&#x441;&#x43B;&#x435;&#x434;. &#x438;&#x43D;-&#x442; &#x431;&#x435;&#x442;&#x43E;&#x43D;&#x43E;&#x432;</subfield>
    <subfield code="n">&#x411;. &#x438;.</subfield>
    <subfield code="o">&#x412;&#x44B;&#x43F;. 2-&#x2116; 9</subfield>
    <subfield code="t">&#x88;[&#x89;&#x418;&#x437;&#x434;&#x430;&#x43D;&#x438;&#x44F;]</subfield>
    <subfield code="v">&#x412;&#x44B;&#x43F;. &#x2116; 4</subfield>
  </datafield>
  <datafield tag="700" ind1=" " ind2="1">
    <subfield code="a">&#x421;&#x43A;&#x440;&#x430;&#x43C;&#x442;&#x430;&#x435;&#x432;</subfield>
    <subfield code="b">&#x411;.&#x413;.</subfield>
  </datafield>
  <datafield tag="801" ind1=" " ind2="0">
    <subfield code="a">RU</subfield>
    <subfield code="b">NLR</subfield>
    <subfield code="g">psbo</subfield>
  </datafield>
  <datafield tag="801" ind1=" " ind2="1">
    <subfield code="a">RU</subfield>
    <subfield code="b">ELAR</subfield>
    <subfield code="2">rusmarc</subfield>
  </datafield>
  <datafield tag="852" ind1=" " ind2=" ">
    <subfield code="a">NLR</subfield>
    <subfield code="j">30-19/541</subfield>
  </datafield>
  <datafield tag="942" ind1=" " ind2=" ">
    <subfield code="c">UNSPEC</subfield>
  </datafield>
  <datafield tag="980" ind1=" " ind2=" ">
    <subfield code="a">NB</subfield>
  </datafield>
</record>
